Geography Quiz

Random Geography or City Quiz
Score 0/20 Timer 06:00
0 Plays Today
km City % Correct
255Bishkek
94.5%
48Dushanbe
83.4%
6Oʻsh - Osh
66.9%
20Turkmanobod - Türkmenabat
43.4%
9Jalolobod - Jalal-Abad
42.9%
67Chimkent - Shymkent
38.6%
56Mazar-i-Sharif
31%
244Mari - Mary
27.6%
26Xoʻjand - Khujand
27.6%
10Toshhovuz - Daşoguz
24.1%
km City % Correct
71Taraz
23.4%
180Turkiston - Turkistan
17.2%
133Qiziloʻrda - Kyzylorda
17.2%
243Bolqonobod - Balkanabat
16.7%
124Koʻlob - Kulob
16.7%
108Konduz
16.6%
44Qoʻrgʻontepa - Qurghonteppa
14.3%
254Janaoʻzen - Zhanaozen
11.9%
139Sar-e-Pol
1.4%
159Puli Khumri
0.7%
Remove Ads.
Support Sporcle.
Get the best of Sporcle when you Go Orange. This ad-free experience offers more features, more stats, and more fun while also helping to support Sporcle. Thank you for becoming a member.

You're not logged in!

Compare scores with friends on all Sporcle quizzes.
OR
Log In

Show Comments

Extras

Top Quizzes Today


Score Distribution

Your Account Isn't Verified!

In order to create a playlist on Sporcle, you need to verify the email address you used during registration. Go to your Sporcle Settings to finish the process.

Report this User

Report this user for behavior that violates our Community Guidelines.

Details: